[Event "BL2 Ost 1819 (Women)"]
[Site "Germany"]
[Date "2019.01.12"]
[Round "6.3"]
[White "Naumann, Nadine"]
[Black "Grund, Melanie"]
[Result "1-0"]
[WhiteElo "1963"]
[BlackElo "1732"]
[PlyCount "83"]
[EventDate "2018.10.27"]
[EventType "team-tourn"]
[EventRounds "7"]
[EventCountry "GER"]
[SourceTitle "CBM 190 Extra"]
[Source "ChessBase"]
[SourceDate "2019.07.15"]
[SourceVersion "1"]
[SourceVersionDate "2019.07.15"]
[SourceQuality "1"]
[WhiteTeam "Loeberitz (W)"]
[BlackTeam "Saalfeld (W)"]
[WhiteTeamCountry "GER"]
[BlackTeamCountry "GER"]

1. e4 c5 2. d3 Nc6 3. g3 g6 4. Bg2 Bg7 5. f4 d6 6. Nf3 Nf6 7. 0-0 0-0 8. c3 Bd7 9. h3 b5 10. Be3 b4 11. Qc2 bxc3 12. bxc3 Ne8 13. Nbd2 Nc7 14. e5 Nd5 15. Bf2 Rb8 16. Nc4 Qc7 17. Nfd2 Nb6 18. Nxb6 axb6 19. d4 dxe5 20. fxe5 cxd4 21. cxd4 Rfc8 22. Be3 Qd8 23. Qb3 e6 24. Ne4 Na5 25. Qd3 Nc4 26. Bg5 Qf8 27. Nf6+ Bxf6 28. Bxf6 Bb5 29. Qb3 Qe8 30. Rf4 Na5 31. Qd1 Ba4 32. Qf1 Rc2 33. Rf2 Rbc8 34. Be4 R2c3 35. Rf3 Rxf3 36. Qxf3 Bc6 37. Bg5 Bxe4 38. Qxe4 Qf8 39. Rf1 Rc3 40. Qf4 Rc2 41. Bh6 Qd8 42. Qxf7+ 1-0

[Event "GER-ch international (Women)"]
[Site "Bodenmais"]
[Date "2017.08.05"]
[Round "8"]
[White "Kuehne, Maria"]
[Black "Grund, Melanie"]
[Result "0-1"]
[WhiteElo "1610"]
[BlackElo "1782"]
[PlyCount "102"]
[EventDate "2017.07.29"]
[EventType "swiss"]
[EventRounds "9"]
[EventCountry "GER"]
[SourceTitle "EXT 2019"]
[Source "ChessBase"]
[SourceDate "2018.10.10"]
[SourceVersion "1"]
[SourceVersionDate "2018.10.10"]
[SourceQuality "1"]

1. d4 d5 2. Nf3 Nf6 3. e3 c5 4. b3 g6 5. Bb2 Bg7 6. Nbd2 cxd4 7. exd4 0-0 8. Bd3 Nc6 9. a3 a5 10. 0-0 Bd7 11. Qe2 Nh5 12. Qe3 Qc7 13. Ne5 Be6 14. f4 Bh6 15. g3 Nf6 16. Qe2 Qb6 17. Nxc6 Qxc6 18. Nf3 Qc7 19. Ne5 Nd7 20. Rae1 Bg7 21. Kg2 Nxe5 22. fxe5 Qc8 23. Kg1 Bh3 24. Rf2 Bh6 25. Qf3 Be6 26. Bc1 Qc3 27. Bxh6 Qxe1+ 28. Rf1 Qc3 29. Qf4 Bh3 30. Rd1 Rfe8 31. Qh4 Qc8 32. Rc1 Qg4 33. Qxg4 Bxg4 34. Bb5 Rec8 35. a4 Rc7 36. Kf2 Rac8 37. c4 Bd7 38. Bxd7 Rxd7 39. cxd5 Rxc1 40. Bxc1 Rxd5 41. Ke3 b5 42. Ke4 e6 43. axb5 Rxb5 44. Bd2 Kg7 45. Bc3 g5 46. Bd2 Kg6 47. Kd3 Rxb3+ 48. Kc2 a4 49. Bc3 Kf5 50. Ba5 Ke4 51. Bc3 Rxc3+ 0-1

[Event "GER-chT Federal Cup (Women)"]
[Site "Braunfels"]
[Date "2017.06.16"]
[Round "2.5"]
[White "Alt, Barbara"]
[Black "Grund, Melanie"]
[Result "0-1"]
[WhiteElo "1550"]
[BlackElo "1757"]
[PlyCount "56"]
[EventDate "2017.06.15"]
[EventType "team-swiss"]
[EventRounds "5"]
[EventCountry "GER"]
[SourceTitle "CBM 179 Extra"]
[Source "ChessBase"]
[SourceDate "2017.08.23"]
[SourceVersion "1"]
[SourceVersionDate "2017.08.23"]
[SourceQuality "1"]
[WhiteTeam "Saarland (W)"]
[BlackTeam "Thueringen (W)"]
[WhiteTeamCountry "GER"]
[BlackTeamCountry "GER"]

1. e4 c5 2. d4 cxd4 3. c3 Nc6 4. cxd4 d5 5. e5 Bf5 6. Nf3 e6 7. a3 Bg4 8. Bb5 Nge7 9. 0-0 Qb6 10. Nc3 Bxf3 11. Qxf3 Qxd4 12. Qg3 Qb6 13. a4 a6 14. a5 Qc7 15. Bf4 axb5 16. Nxb5 Qb8 17. Nd6+ Kd7 18. Nxf7 Rg8 19. Rfd1 g5 20. Be3 Bg7 21. Bd4 Nf5 22. Qc3 Nfxd4 23. Rxd4 Nxd4 24. Qxd4 Ke7 25. Nxg5 Bxe5 26. Qg4 Qd6 27. Qh5 Rg7 28. Qh6 Rag8 0-1

[Event "GER-ch (Women)"]
[Site "Bad Wiessee"]
[Date "2017.04.07"]
[Round "8"]
[White "Klotz, Sonja"]
[Black "Grund, Melanie"]
[Result "1-0"]
[WhiteElo "2005"]
[BlackElo "1804"]
[PlyCount "119"]
[EventDate "2017.03.31"]
[EventType "swiss"]
[EventRounds "9"]
[EventCountry "GER"]
[SourceTitle "CBM 177 Extra"]
[Source "ChessBase"]
[SourceDate "2017.04.27"]
[SourceVersion "1"]
[SourceVersionDate "2017.04.27"]
[SourceQuality "1"]

1. e4 c5 2. Nc3 Nc6 3. g3 g6 4. Bg2 Bg7 5. d3 e6 6. f4 Nge7 7. Nf3 d5 8. e5 a6 9. a4 0-0 10. 0-0 b6 11. g4 Bb7 12. Ne2 b5 13. d4 cxd4 14. Nexd4 Nxd4 15. Nxd4 Nc6 16. Be3 Nxd4 17. Bxd4 bxa4 18. Rxa4 Bc6 19. Ra3 Bb5 20. Rff3 Rc8 21. Rh3 f5 22. g5 Rf7 23. Rhb3 Bf8 24. Ra1 Qc7 25. Rc3 Qd7 26. Bf1 Rxc3 27. bxc3 Qc6 28. Bxb5 axb5 29. Qd3 Qc4 30. Ra6 Re7 31. Rb6 h6 32. h4 h5 33. Rxb5 Qxd3 34. cxd3 Rc7 35. Kf2 Ba3 36. Rb3 Bf8 37. Ke3 Kf7 38. Kd2 Be7 39. Rb5 Bf8 40. Kc2 Ba3 41. Ra5 Be7 42. Ra4 Ke8 43. c4 Kf7 44. Kc3 Ke8 45. Ra5 dxc4 46. dxc4 Rb7 47. c5 Rb1 48. Be3 Kd7 49. Ra7+ Ke8 50. c6 Rb8 51. c7 Rc8 52. Bb6 Kd7 53. Rb7 Bd8 54. Kb4 Be7+ 55. Kb5 Ba3 56. Rb8 Bc1 57. Ka6 Bxf4 58. Kb7 Be3 59. Rxc8 Bxb6 60. Rd8+ 1-0

[Event "GER-ch (Women)"]
[Site "Bad Wiessee"]
[Date "2017.03.31"]
[Round "1"]
[White "Grund, Melanie"]
[Black "Schulze, Lara"]
[Result "0-1"]
[WhiteElo "1804"]
[BlackElo "2157"]
[PlyCount "100"]
[EventDate "2017.03.31"]
[EventType "swiss"]
[EventRounds "9"]
[EventCountry "GER"]
[SourceTitle "CBM 177 Extra"]
[Source "ChessBase"]
[SourceDate "2017.04.27"]
[SourceVersion "1"]
[SourceVersionDate "2017.04.27"]
[SourceQuality "1"]

1. d4 Nf6 2. e3 d5 3. Bd3 c5 4. c3 Nc6 5. f4 Bg4 6. Nf3 e6 7. 0-0 Be7 8. Qe1 0-0 9. Nbd2 Rc8 10. Ne5 Bf5 11. Bxf5 exf5 12. Qe2 g6 13. Ndf3 h5 14. Bd2 Ne4 15. Be1 Kg7 16. Nd2 Nxd2 17. Qxd2 Re8 18. Qe2 Bd6 19. Qf3 f6 20. Nxc6 bxc6 21. Bf2 Rb8 22. Rab1 Qa5 23. a3 c4 24. Qd1 Rb3 25. Qc2 Reb8 26. Rfe1 Qb6 27. Rec1 Rxb2 28. Rxb2 Qxb2 29. Qxb2 Rxb2 30. Be1 Bxa3 31. Ra1 Rb3 32. Kf1 Kf7 33. Ke2 Ke6 34. Kd1 a5 35. Bd2 Bb2 36. Rxa5 Bxc3 37. Bxc3 Rxc3 38. Ra8 Kd6 39. Ke2 Rc2+ 40. Kf3 Rb2 41. Ra3 Kc7 42. h3 Kb6 43. g4 fxg4+ 44. hxg4 h4 45. g5 fxg5 46. fxg5 h3 47. Kg3 h2 48. Ra1 c3 49. Rc1 Kb5 50. Kf3 Kc4 0-1

[Event "Regionalliga SO 1617 (Women)"]
[Site "Germany"]
[Date "2017.02.12"]
[Round "4.2"]
[White "Krausse, Vanessa"]
[Black "Grund, Melanie"]
[Result "0-1"]
[WhiteElo "1592"]
[BlackElo "1127"]
[PlyCount "88"]
[EventDate "2016.10.23"]
[EventType "team-tourn"]
[EventRounds "5"]
[EventCountry "GER"]
[SourceTitle "EXT 2018"]
[Source "ChessBase"]
[SourceDate "2017.10.13"]
[SourceVersion "1"]
[SourceVersionDate "2017.10.13"]
[SourceQuality "1"]
[WhiteTeam "Bad Hersfeld (W)"]
[BlackTeam "Saalfeld (W)"]
[WhiteTeamCountry "GER"]
[BlackTeamCountry "GER"]

1. e4 e5 2. Nf3 Nc6 3. d4 exd4 4. Nxd4 Qf6 5. Be3 Bc5 6. Nb5 Bxe3 7. fxe3 Qd8 8. Qf3 a6 9. Nd4 Qh4+ 10. g3 Qf6 11. Qxf6 Nxf6 12. Nc3 Ng4 13. Nf5 g6 14. h3 gxf5 15. hxg4 fxg4 16. Nd5 Kd8 17. 0-0-0 d6 18. Be2 Be6 19. Nf6 Ne5 20. Nxh7 Ke7 21. Ng5 Bd7 22. Rdf1 Rxh1 23. Rxh1 Rg8 24. Nh7 Bc6 25. Rf1 Nf3 26. Bxf3 gxf3 27. Rxf3 Bxe4 28. Nf6 Bxf3 29. Nxg8+ Ke6 30. Kd2 f5 31. Ke1 Be4 32. Nh6 Bxc2 33. g4 Kf6 34. gxf5 Bxf5 35. Nxf5 Kxf5 36. Kd2 Ke4 37. Ke2 a5 38. b3 c6 39. Kd2 d5 40. a3 b6 41. Ke2 b5 42. b4 axb4 43. axb4 d4 44. exd4 Kxd4 0-1

[Event "GER-ch international (Women)"]
[Site "Bodenmais"]
[Date "2016.07.31"]
[Round "2"]
[White "Grund, Melanie"]
[Black "Moerwald, Magdalena"]
[Result "1-0"]
[WhiteElo "1690"]
[BlackElo "1624"]
[PlyCount "65"]
[EventDate "2016.07.30"]
[EventType "swiss"]
[EventRounds "9"]
[EventCountry "GER"]
[SourceTitle "EXT 2019"]
[Source "ChessBase"]
[SourceDate "2018.10.10"]
[SourceVersion "1"]
[SourceVersionDate "2018.10.10"]
[SourceQuality "1"]

1. f4 Nf6 2. Nf3 g6 3. e3 Bg7 4. d4 d5 5. Bd3 Nc6 6. c3 Bd7 7. 0-0 0-0 8. Nbd2 Bg4 9. Qe1 Bxf3 10. Rxf3 e6 11. e4 Re8 12. e5 Nd7 13. g4 Nf8 14. h4 Ne7 15. Nb3 Qc8 16. Bd2 b6 17. Qf2 Bh8 18. Kh2 Nd7 19. f5 exf5 20. gxf5 Rf8 21. f6 Nc6 22. h5 Rd8 23. hxg6 fxg6 24. f7+ Kf8 25. Bg5 Bg7 26. Qh4 h6 27. Bxd8 Qxd8 28. Qxd8+ Nxd8 29. Re1 Ne6 30. Bxg6 c5 31. Bh5 a5 32. Bg4 Ng5 33. Rff1 1-0

[Event "GER-chT U16"]
[Site "Lingen"]
[Date "2015.12.30"]
[Round "7.4"]
[White "Karabueguel, Okan"]
[Black "Grund, Melanie"]
[Result "1-0"]
[WhiteElo "1541"]
[BlackElo "1483"]
[PlyCount "77"]
[EventDate "2015.12.27"]
[EventType "team-swiss"]
[EventRounds "7"]
[EventCountry "GER"]
[SourceTitle "EXT 2017"]
[Source "ChessBase"]
[SourceDate "2016.10.25"]
[SourceVersion "1"]
[SourceVersionDate "2016.10.25"]
[SourceQuality "1"]
[WhiteTeam "Horst Emscher"]
[BlackTeam "Saalfeld"]
[WhiteTeamCountry "GER"]
[BlackTeamCountry "GER"]

1. e4 e5 2. Nf3 Nc6 3. Bc4 Bc5 4. b4 Bxb4 5. c3 Ba5 6. d4 exd4 7. 0-0 dxc3 8. Qb3 Qf6 9. e5 Qg6 10. Nxc3 Nge7 11. Ne2 0-0 12. Nf4 Qe4 13. Ng5 Qf5 14. Qg3 Nxe5 15. Nd5 Nxd5 16. Bxd5 h6 17. Be4 Qg4 18. Qxe5 hxg5 19. Bb2 f6 20. Bd5+ Kh8 21. Qe3 c6 22. Ba3 Bb4 23. h3 Qf4 24. Qxf4 gxf4 25. Bxb4 Re8 26. Bf7 Re4 27. Bg6 Re5 28. Bd6 Rg5 29. Bc2 f3 30. g3 b6 31. Rfe1 Ba6 32. Re7 Rd5 33. Rd1 Ra5 34. Rd4 g5 35. Bb4 Rxa2 36. Rdxd7 c5 37. Rh7+ Kg8 38. Bb3+ Kf8 39. Rh8# 1-0

[Event "GER-chT U16"]
[Site "Lingen"]
[Date "2015.12.28"]
[Round "3.4"]
[White "Hoppe, Andreas"]
[Black "Grund, Melanie"]
[Result "1-0"]
[WhiteElo "1799"]
[BlackElo "1483"]
[PlyCount "91"]
[EventDate "2015.12.27"]
[EventType "team-swiss"]
[EventRounds "7"]
[EventCountry "GER"]
[SourceTitle "EXT 2017"]
[Source "ChessBase"]
[SourceDate "2016.10.25"]
[SourceVersion "1"]
[SourceVersionDate "2016.10.25"]
[SourceQuality "1"]
[WhiteTeam "Hagen"]
[BlackTeam "Saalfeld"]
[WhiteTeamCountry "GER"]
[BlackTeamCountry "GER"]

1. e4 e5 2. Nf3 Nc6 3. d4 exd4 4. Bc4 d5 5. Bxd5 Nf6 6. Bg5 h6 7. Bxf6 Qxf6 8. 0-0 Bg4 9. Nbd2 Bb4 10. Bxc6+ bxc6 11. e5 Qf4 12. g3 Qxd2 13. Nxd2 Bxd1 14. Raxd1 Bxd2 15. Rxd2 Rb8 16. b3 Rb5 17. Rxd4 Rxe5 18. Rfd1 Ke7 19. Rd7+ Kf6 20. Rxc7 Rc5 21. Rd6+ Ke5 22. Rdxc6 Rxc6 23. Rxc6 Ke4 24. Rc7 f5 25. Kg2 g5 26. Rxa7 f4 27. Re7+ Kf5 28. a4 Rc8 29. Re2 Rc3 30. f3 g4 31. fxg4+ Kxg4 32. h3+ Kf5 33. gxf4 Kxf4 34. a5 Rg3+ 35. Kh2 Rg5 36. b4 Kf3 37. Rd2 Ke3 38. Rd8 Rg7 39. a6 Kf3 40. Rf8+ Ke3 41. b5 Rc7 42. b6 Rxc2+ 43. Kg3 Rc6 44. b7 Rg6+ 45. Kh2 Rxa6 46. b8Q 1-0

[Event "GER-chT U16"]
[Site "Lingen"]
[Date "2015.12.27"]
[Round "1.4"]
[White "Baureis, Julian"]
[Black "Grund, Melanie"]
[Result "0-1"]
[WhiteElo "1547"]
[BlackElo "1483"]
[PlyCount "76"]
[EventDate "2015.12.27"]
[EventType "team-swiss"]
[EventRounds "7"]
[EventCountry "GER"]
[SourceTitle "EXT 2017"]
[Source "ChessBase"]
[SourceDate "2016.10.25"]
[SourceVersion "1"]
[SourceVersionDate "2016.10.25"]
[SourceQuality "1"]
[WhiteTeam "Walldorf"]
[BlackTeam "Saalfeld"]
[WhiteTeamCountry "GER"]
[BlackTeamCountry "GER"]

1. d4 d5 2. c4 e6 3. Nc3 Nf6 4. Bg5 Be7 5. Nf3 b6 6. e3 Bb7 7. Rc1 dxc4 8. Bxc4 0-0 9. 0-0 Nbd7 10. Bf4 c5 11. Nb5 cxd4 12. Nbxd4 Re8 13. Nb5 Rf8 14. Nc7 Rc8 15. Bxe6 fxe6 16. Nxe6 Rxc1 17. Qxc1 Qa8 18. Nxf8 Kxf8 19. Qd1 Nc5 20. b4 Nce4 21. Ng5 Nxg5 22. Bxg5 Bxg2 23. Bxf6 gxf6 24. Qg4 Bxf1 25. Kxf1 Qh1+ 26. Ke2 Qxh2 27. Qc8+ Kf7 28. Qc4+ Kg7 29. Qg4+ Kh6 30. Qe6 Qe5 31. Qh3+ Qh5+ 32. Qxh5+ Kxh5 33. b5 Kg4 34. f3+ Kg3 35. a4 h5 36. a5 h4 37. Kf1 Kxf3 38. Kg1 bxa5 0-1

[Event "GER-ch U16 Girls"]
[Site "Willingen"]
[Date "2015.05.26"]
[Round "4"]
[White "Ley, Sabrina"]
[Black "Grund, Melanie"]
[Result "1-0"]
[WhiteElo "1743"]
[BlackElo "1588"]
[PlyCount "41"]
[EventDate "2015.05.24"]
[EventType "swiss"]
[EventRounds "9"]
[EventCountry "GER"]
[SourceTitle "CBM 166 Extra"]
[Source "ChessBase"]
[SourceDate "2015.06.18"]
[SourceVersion "1"]
[SourceVersionDate "2015.06.18"]
[SourceQuality "1"]

1. e4 e5 2. Nf3 Nc6 3. Bc4 Bc5 4. b4 Bxb4 5. c3 Ba5 6. d4 exd4 7. 0-0 Nge7 8. Ng5 d5 9. exd5 Ne5 10. Bb3 0-0 11. Qxd4 Ng4 12. Ba3 Nf6 13. Qc5 c6 14. Qxe7 cxd5 15. Qxf8+ Qxf8 16. Bxf8 Kxf8 17. Rd1 Be6 18. Nxe6+ fxe6 19. c4 Rc8 20. cxd5 exd5 21. Nd2 1-0

[Event "GER-ch U16 Girls"]
[Site "Willingen"]
[Date "2015.05.25"]
[Round "3"]
[White "Grund, Melanie"]
[Black "Simon, Tessa"]
[Result "1/2-1/2"]
[WhiteElo "1588"]
[BlackElo "1818"]
[PlyCount "76"]
[EventDate "2015.05.24"]
[EventType "swiss"]
[EventRounds "9"]
[EventCountry "GER"]
[SourceTitle "CBM 166 Extra"]
[Source "ChessBase"]
[SourceDate "2015.06.18"]
[SourceVersion "1"]
[SourceVersionDate "2015.06.18"]
[SourceQuality "1"]

1. d4 d5 2. e3 c5 3. c3 Nc6 4. f4 Bf5 5. Bd3 Bxd3 6. Qxd3 e6 7. Nf3 Nf6 8. 0-0 Bd6 9. Ne5 0-0 10. Nd2 Qc7 11. Ndf3 Ne4 12. Nxc6 bxc6 13. Ne5 f6 14. Ng4 c4 15. Qe2 c5 16. Nf2 Nxf2 17. Rxf2 Rab8 18. Qg4 Qe7 19. Qf3 cxd4 20. exd4 Rb5 21. Rd2 Kh8 22. Rf2 Rfb8 23. Rb1 e5 24. fxe5 fxe5 25. dxe5 Qxe5 26. Bf4 Qe6 27. Bxd6 Qxd6 28. Qf7 R5b7 29. Qf4 Qe7 30. Rbf1 h6 31. Qd4 Rxb2 32. Rxb2 Rxb2 33. Qxd5 Rxa2 34. Qxc4 Ra5 35. Qb4 Qxb4 36. cxb4 Rb5 37. Rf8+ Kh7 38. Rf7 Rxb4 1/2-1/2

[Event "Magdeburg op-B"]
[Site "Magdeburg"]
[Date "2014.06.09"]
[Round "3"]
[White "Grund, Melanie"]
[Black "Kleine, Jakob"]
[Result "1-0"]
[WhiteElo "1344"]
[BlackElo "1198"]
[PlyCount "47"]
[EventDate "2014.06.08"]
[EventType "swiss"]
[EventRounds "9"]
[EventCountry "GER"]
[SourceTitle "CBM 160 Extra"]
[Source "ChessBase"]
[SourceDate "2014.07.01"]
[SourceVersion "1"]
[SourceVersionDate "2014.07.01"]
[SourceQuality "1"]

1. d4 d5 2. e3 Nf6 3. Bd3 Nc6 4. c3 e6 5. f4 Bd6 6. Nf3 0-0 7. 0-0 b6 8. Ne5 Bxe5 9. fxe5 Ne4 10. Nd2 Nxd2 11. Bxd2 a5 12. Rf3 Ba6 13. Bc2 h6 14. Rg3 f5 15. Qh5 Rf7 16. Qxh6 Kf8 17. Qxe6 Qd7 18. Bxf5 Qxe6 19. Bxe6 Re7 20. Bxd5 Bb7 21. Rh3 Rd7 22. Rf1+ Ke8 23. Rh8+ Ke7 24. Rf7# 1-0

[Event "GER-ch U25 op-B"]
[Site "Oberhof"]
[Date "2013.05.20"]
[Round "3"]
[White "Grund, Melanie"]
[Black "Breitzmann, Malte"]
[Result "1-0"]
[WhiteElo "1186"]
[BlackElo "886"]
[PlyCount "35"]
[EventDate "2013.05.19"]
[EventType "swiss"]
[EventRounds "9"]
[EventCountry "GER"]
[SourceTitle "CBM 154 Extra"]
[Source "ChessBase"]
[SourceDate "2013.06.25"]
[SourceVersion "2"]
[SourceVersionDate "2013.06.25"]
[SourceQuality "1"]

1. d4 d5 2. e3 Nf6 3. Bd3 e6 4. f4 c5 5. c3 Nc6 6. Nf3 Bd7 7. Nbd2 Bd6 8. 0-0 Qc7 9. Ne5 g6 10. b3 Nh5 11. Bb2 cxd4 12. cxd4 f6 13. Nxg6 Rg8 14. Qxh5 hxg6 15. Bxg6+ Kf8 16. Qh6+ Rg7 17. Qh8+ Rg8 18. Qxf6# 1-0

[Event "GER-ch U25 op-B"]
[Site "Oberhof"]
[Date "2013.05.19"]
[Round "2"]
[White "Graf, Lennard"]
[Black "Grund, Melanie"]
[Result "1-0"]
[WhiteElo "979"]
[BlackElo "1186"]
[PlyCount "107"]
[EventDate "2013.05.19"]
[EventType "swiss"]
[EventRounds "9"]
[EventCountry "GER"]
[SourceTitle "CBM 154 Extra"]
[Source "ChessBase"]
[SourceDate "2013.06.25"]
[SourceVersion "2"]
[SourceVersionDate "2013.06.25"]
[SourceQuality "1"]

1. e4 e5 2. Nf3 Nc6 3. Bb5 d6 4. d4 exd4 5. Nxd4 Bd7 6. Nxc6 Bxc6 7. Bxc6+ bxc6 8. Bf4 Nf6 9. Nc3 Be7 10. 0-0 0-0 11. Qe2 Re8 12. Rad1 Bf8 13. Rfe1 d5 14. f3 d4 15. Nb1 Bc5 16. Kh1 Nh5 17. Bd2 Bd6 18. g3 Bxg3 19. Rg1 Bd6 20. Bg5 Qc8 21. Rxd4 Bc5 22. Qe3 f6 23. Bh6 Rd8 24. Rxd8+ Qxd8 25. Qxc5 Qc8 26. Qxh5 g6 27. Qh4 Kf7 28. e5 fxe5 29. Qc4+ Qe6 30. Qxe6+ Kxe6 31. Nc3 Rb8 32. b3 c5 33. Rg5 Rd8 34. Na4 Rd1+ 35. Rg1 Rd5 36. c4 Rd8 37. Nxc5+ Kf7 38. Bg5 Re8 39. Rd1 c6 40. Rd7+ Kf8 41. Bh6+ Kg8 42. Rg7+ Kh8 43. Nb7 Rf8 44. Nd6 e4 45. Nf7+ Rxf7 46. Rxf7 Kg8 47. Rxa7 exf3 48. a4 c5 49. a5 g5 50. Bxg5 Kf8 51. Rc7 Ke8 52. a6 h6 53. a7 hxg5 54. a8Q# 1-0